| 000 | 00624nam a22002297a 4500 | ||
|---|---|---|---|
| 003 | UA-OsUOA | ||
| 001 | 42990 | ||
| 007 | ta | ||
| 008 | 20061204b un ||||| |||| 00| 0 ukr d | ||
| 100 | _aВолков Б. С. | ||
| 090 |
_a159.922.8 _bВ67 |
||
| 942 | _cBK | ||
| 040 |
_aUA-OsUOA _brus _cUA-OsUOA _dUA-OsUOA |
||
| 245 |
_aПсихология юности и молодости _bучебное пособие для вузов |
||
| 300 | _a256 с. | ||
| 955 | _a2 | ||
| 041 | _arus | ||
| 080 | _a159.922.8 | ||
| 260 |
_aМ. _bТрикста _c2006 |
||
| 650 | 7 |
_a159.9 Психологія _2UDC |
|
| 999 |
_c329121 _d329121 |
||